| 000 | 00668nam a2200217Ia 4500 | ||
|---|---|---|---|
| 003 | OSt | ||
| 005 | 20240702112737.0 | ||
| 008 | 210716s1999 xx 000 0 und d | ||
| 020 | _a8120315235 | ||
| 040 | _cAIMIT LIBRARY | ||
| 041 | _aeng | ||
| 082 |
_a005.1331 _21 _bSNAP |
||
| 100 |
_aSnaith, Paul. _9172215 |
||
| 245 |
_aComplete idiots guide c++ / _cBy Paul Snaith. |
||
| 250 | _a1st ed. | ||
| 260 |
_aNew Delhi : _bPHI Learning Pvt Ltd , _c1999. |
||
| 300 |
_a342p. ; _bPB _c24 cm. |
||
| 650 |
_aAdd take away and all that schoolroom stuff _9172216 |
||
| 650 |
_aBeyond the simple into the compound arrays _9172217 |
||
| 942 |
_2ddc _cBK _e1st ed. _k005.1331 SNAP |
||
| 999 |
_c183490 _d183490 |
||